000 01496cam a22002174a 4500
005 20250605164059.0
008 250528s ||||||||||||||||||||||||d
035 _a17573
020 _a9780750681117
040 _aGR-AtMCL
_bgre
_dGR-AtMCL
_eAACR2
245 1 _aIntroduction to Health and Safety in Construction / Second Edition
250 _a2nd
260 _bElsevier,
_c2007
300 _a502
520 _aThis book covers the specific challenges faced by the construction industry as well as the basics of occupational safety and health in general. Preface, Acknowledgements, Health and Safety Foundations, Policy, Organizing for Health and Safety, Promoting a Positive Health and Safety Culture, Risk Assessment, Principles of Control, General Site Issues - Hazards and Control, Working at Weight - Hazards and Control, Excavation Work and Confined Spaces - Hazards and Control, Demolition - Hazards and Control, Movement of People and Vehicles - Hazards and Control, Work Equipment Hazards and Control, Manual Mechanical Handling Hazards and Control, Electrical Hazards and Control, Fire Hazards and Control, Chemical and Biological Health Hazards and Control, Physical and Psychological Health Hazards and Control, Incident Investigation and Recording and Reporting, Monitoring Review and Audit, Summary of the Main Legal Requirements, Study Skills, Index.
700 1 _aFerrett Ed
_93734
700 1 _aHughes Phil
_93735
942 _cBK
999 _c2977
_d2977